[Event "AUTO-OPEN-3488"]
[Site "http://www.queenalice.com/game.php?id=1361686"]
[Date "2015.5.26"]
[Round "1"]
[White "Sarratt"]
[Black "sccp1910"]
[Result "1-0"]
[WhiteElo "2262"]
[BlackElo "1640"]

1. e4 g6 2. d4 b6 3. h4 d5 4. e5 Nc6 5. h5 Bf5 6. c3 a6 7. hxg6 fxg6 8. Nf3 b5
9. Nh4 Bxb1 10. Rxb1 Bh6 11. Bd3 Bxc1 12. Qxc1 e6 13. Nxg6 hxg6 14. Rxh8 Kd7 15.
Qf4 Qe7 16. Ke2 Re8 17. Rbh1 Rf8 18. Qg3 g5 19. R1h7 Rf7 20. Bg6 Nh6 21. Rxh6
Rg7 22. R8h7 Qf8 23. Rxg7+ Kc8 24. Rhh7 Nd8 25. Qxg5 Kb7 26. Qf6 Qxf6 27. exf6
Kb6 28. b4 a5 29. f7 Nxf7 30. Rxf7 axb4 31. cxb4 c5 32. dxc5+ Kc6 33. Rc7# 1-0

[Event "AUTO-OPEN-3488"]
[Site "http://www.queenalice.com/game.php?id=1361707"]
[Date "2015.5.26"]
[Round "1"]
[White "TorresR"]
[Black "Sarratt"]
[Result "0-1"]
[WhiteElo "1836"]
[BlackElo "2261"]

1. g4 d5 2. Bg2 c6 3. c4 dxc4 4. Qa4 b5 5. Qc2 Bb7 6. a4 a6 7. axb5 axb5 8. Rxa8
Bxa8 9. Na3 Qb6 10. d3 e6 11. Bf4 Bb4+ 12. Kd1 Qxf2 13. Nf3 Nd7 14. Bh3 cxd3 15.
Qxd3 Ngf6 16. Rf1 Qc5 17. Nc2 Nd5 18. Bg3 Ba5 19. Bf2 Qc4 20. Qa3 Qa4 21. Qd3
Nb4 22. Qe4 Qxc2+ 23. Qxc2 Nxc2 24. Kxc2 O-O 25. Nd4 Bc7 26. g5 Bb7 27. Be3 Re8
28. Bg4 Ne5 0-1

[Event "AUTO-OPEN-3488"]
[Site "http://www.queenalice.com/game.php?id=1361708"]
[Date "2015.5.26"]
[Round "1"]
[White "Sarratt"]
[Black "TorresR"]
[Result "1-0"]
[WhiteElo "2260"]
[BlackElo "1735"]

1. e4 Nc6 2. Nc3 f5 3. d4 fxe4 4. d5 Ne5 5. Qd4 d6 6. Nxe4 e6 7. dxe6 Bxe6 8.
Ng5 Bf5 9. Bb5+ c6 10. Bd3 Bxd3 11. cxd3 Qe7 12. Kd1 c5 13. Qa4+ Nc6 14. N1f3
Qf6 15. Re1+ Be7 16. Ne6 Kd7 17. Qg4 h5 18. Nxc5+ Ke8 19. Qd7+ Kf7 20. Ne4 Qg6
21. Nfg5+ Kf8 22. Ne6+ Kf7 23. Nxd6+ Kf6 24. Bg5+ 1-0

[Event "AUTO-OPEN-3488"]
[Site "http://www.queenalice.com/game.php?id=1388922"]
[Date "2015.10.13"]
[Round "2"]
[White "junipero"]
[Black "Sarratt"]
[Result "0-1"]
[WhiteElo "2067"]
[BlackElo "2265"]

1. d4 d5 2. c4 dxc4 3. e3 e5 4. Bxc4 exd4 5. exd4 Nf6 6. Be3 Bd6 7. Nf3 O-O 8.
O-O Bg4 9. Nbd2 Nbd7 10. h3 Bh5 11. Be2 Re8 12. a3 Nd5 13. Nc4 Bf4 14. Bxf4 Nxf4
15. Bd3 Qf6 16. Nce5 Nxe5 17. dxe5 Rxe5 18. Bxh7+ Kxh7 19. Qc2+ Bg6 20. Qxc7 Re7
21. Qc1 Ne2+ 0-1

[Event "AUTO-OPEN-3488"]
[Site "http://www.queenalice.com/game.php?id=1388923"]
[Date "2015.10.13"]
[Round "2"]
[White "Sarratt"]
[Black "junipero"]
[Result "1-0"]
[WhiteElo "2272"]
[BlackElo "1982"]

1. e4 c5 2. Nf3 Nc6 3. d4 cxd4 4. Nxd4 e5 5. Nb5 d6 6. c4 a6 7. N5c3 h6 8. Be3
Nf6 9. f3 Be7 10. Nd5 Nxd5 11. cxd5 Nb8 12. Nc3 O-O 13. Bd3 Bg5 14. Qe2 b5 15.
O-O Bxe3+ 16. Qxe3 Nd7 17. Rfc1 Qb6 18. Nd1 Qxe3+ 19. Nxe3 Nc5 20. Be2 Bb7 21.
Nf5 Rfd8 22. Nxd6 Rxd6 23. Rxc5 Rc8 24. Rac1 Rxc5 25. Rxc5 Rd7 26. Kf2 f6 27.
Ke3 Kf7 28. Kd2 Ke7 29. Kc3 Kd6 30. b4 g6 31. Bd3 Rc7 32. Rxc7 Kxc7 33. Kd2 Kd6
34. a3 Bc8 35. Ke3 f5 36. g3 fxe4 37. fxe4 Bh3 38. Kf3 h5 39. Kf2 g5 40. Be2 h4
41. Bh5 Bc8 42. gxh4 gxh4 43. Kf3 Kc7 44. Bg4 Bb7 45. Be6 Kb6 46. Kg4 a5 47.
Kxh4 axb4 48. axb4 Kc7 49. Kg5 Kd6 50. Kf6 Bxd5 51. Bxd5 1-0

[Event "AUTO-OPEN-3488"]
[Site "http://www.queenalice.com/game.php?id=1388928"]
[Date "2015.10.13"]
[Round "2"]
[White "edsom"]
[Black "Sarratt"]
[Result "0-1"]
[WhiteElo "1849"]
[BlackElo "2271"]

1. e4 c5 2. Bc4 Nc6 3. Nf3 e6 4. a3 Nf6 5. Nc3 d5 6. Ba2 Nxe4 7. Nxe4 dxe4 8.
Ng1 Qg5 9. g3 Qf5 10. g4 Qe5 11. Nh3 Bd7 12. Qe2 Bd6 13. c3 f5 14. b3 Qf6 15.
Bb2 Qh4 16. gxf5 Qxh3 17. Qxe4 Qxf5 18. Qe2 Qe5 19. Qxe5 Nxe5 20. c4 Nd3+ 21.
Kd1 Nxf2+ 22. Kc2 Nxh1 23. Rxh1 O-O 0-1

[Event "AUTO-OPEN-3488"]
[Site "http://www.queenalice.com/game.php?id=1388929"]
[Date "2015.10.13"]
[Round "2"]
[White "Sarratt"]
[Black "edsom"]
[Result "1-0"]
[WhiteElo "2264"]
[BlackElo "1851"]

1. e4 e5 2. f4 exf4 3. Nc3 Bc5 4. Nf3 c6 5. d4 Bb6 6. Bxf4 Qf6 7. Qd2 d6 8.
O-O-O Bc7 9. Bd3 Bg4 10. Bg5 Qe6 11. Rhf1 h6 12. Bh4 b5 13. d5 Qd7 14. dxc6 Qxc6
15. Bxb5 1-0

[Event "AUTO-OPEN-3488"]
[Site "http://www.queenalice.com/game.php?id=1410501"]
[Date "2016.2.22"]
[Round "3"]
[White "bouley"]
[Black "Sarratt"]
[Result "1/2-1/2"]
[WhiteElo "2038"]
[BlackElo "2281"]

1. e4 e5 2. Bc4 Nf6 3. Nc3 Nxe4 4. Qh5 Nd6 5. Bb3 Be7 6. Nf3 Nc6 7. Nxe5 O-O 8.
O-O Nd4 9. d3 Nxb3 10. axb3 Ne8 11. Ne4 d6 12. Nf3 Nf6 13. Nxf6+ Bxf6 14. d4 Qd7
15. c3 Qf5 16. Qxf5 Bxf5 17. Bg5 Bxg5 18. Nxg5 Rfe8 19. Rfe1 Rxe1+ 20. Rxe1 h6
21. Nf3 Kf8 22. b4 Re8 23. Rxe8+ Kxe8 24. Nd2 Kd7 25. f3 Kc6 26. Kf2 Kb5 27. b3
Bc2 28. Ke3 b6 29. h4 a5 30. bxa5 bxa5 31. g3 1/2-1/2

[Event "AUTO-OPEN-3867"]
[Site "http://www.queenalice.com/game.php?id=1502150"]
[Date "2017.11.5"]
[Round "1"]
[White "bonow"]
[Black "Sarratt"]
[Result "0-1"]
[WhiteElo "2222"]
[BlackElo "2293"]

1. e4 e5 2. Nf3 Nc6 3. Bb5 a6 4. Ba4 d6 5. O-O Nf6 6. Bxc6+ bxc6 7. d4 Nxe4 8.
Re1 f5 9. dxe5 d5 10. Nbd2 Bc5 11. Nb3 Bxf2+ 12. Kh1 Bxe1 13. Qxe1 O-O 14. Be3
Qe7 15. Qg1 f4 16. Bc5 Nxc5 17. Nxc5 Rb8 18. b3 Rb5 19. Nd3 Bf5 20. c4 Bxd3 21.
cxb5 cxb5 22. Rc1 Be4 23. Qc5 Qxc5 24. Rxc5 Re8 25. Rxc7 Bxf3 26. gxf3 Rxe5 27.
Rd7 Re1+ 28. Kg2 Ra1 29. a4 bxa4 30. bxa4 Rxa4 31. Rxd5 a5 32. h3 Ra2+ 33. Kf1
a4 34. Ra5 a3 35. Ra7 Rh2 36. Rxa3 Rxh3 37. Ra8+ Kf7 38. Kg2 Rh5 39. Ra7+ Kg6
40. Ra6+ Kg5 0-1

[Event "AUTO-OPEN-3867"]
[Site "http://www.queenalice.com/game.php?id=1502151"]
[Date "2017.11.5"]
[Round "1"]
[White "Sarratt"]
[Black "bonow"]
[Result "1-0"]
[WhiteElo "2284"]
[BlackElo "2193"]

1. d4 Nf6 2. c4 e6 3. Nc3 Bb4 4. e3 O-O 5. Ne2 Nc6 6. a3 Bxc3+ 7. Nxc3 d6 8. Bd3
a6 9. Bd2 b6 10. O-O Bb7 11. Rc1 d5 12. cxd5 exd5 13. b4 Qd6 14. Qf3 Rfe8 15.
Rc2 Ne7 16. Rb1 Ng6 17. Qg3 Qxg3 18. hxg3 Ne7 19. f3 Red8 20. Ne2 Ne8 21. Kf2
Rd7 22. Rh1 h6 23. g4 Nf6 24. Ng3 Bc6 25. Rhc1 Bb5 26. Bxb5 axb5 27. Rxc7 Rxa3
28. Rxd7 Ra2 29. Rd8+ Kh7 30. Ke1 Ra7 31. Nf5 Nxf5 32. gxf5 h5 33. Rd6 1-0

[Event "AUTO-OPEN-3867"]
[Site "http://www.queenalice.com/game.php?id=1502178"]
[Date "2017.11.5"]
[Round "1"]
[White "ChessColossos"]
[Black "Sarratt"]
[Result "0-1"]
[WhiteElo "1787"]
[BlackElo "2275"]

1. e4 c5 2. Nf3 d6 3. d4 cxd4 4. Nxd4 Nf6 5. Nc3 g6 6. Be2 Bg7 7. O-O O-O 8. f4
Qb6 9. Kh1 Nxe4 10. Nxe4 Qxd4 11. Qxd4 Bxd4 12. c3 Bg7 13. Be3 Nc6 14. Rad1 Be6
15. b3 Bf5 16. Ng3 Bxc3 17. Nxf5 gxf5 18. Rf3 Bg7 19. Bb5 Rfc8 20. Bxc6 Rxc6 21.
Rxd6 Rxd6 22. Bc5 Rd1+ 23. Rf1 Rxf1+ 24. Bg1 Bd4 25. b4 Rxg1# 0-1

[Event "AUTO-OPEN-3867"]
[Site "http://www.queenalice.com/game.php?id=1502179"]
[Date "2017.11.5"]
[Round "1"]
[White "Sarratt"]
[Black "ChessColossos"]
[Result "1-0"]
[WhiteElo "2274"]
[BlackElo "1805"]

1. e4 e5 2. f4 exf4 3. Nc3 Bb4 4. Nd5 Bd6 5. Nf3 Ne7 6. Bc4 Nxd5 7. Bxd5 Nc6 8.
d4 Nb4 9. Bb3 O-O 10. e5 Be7 11. c3 Nc6 12. Qd3 Bg5 13. Nxg5 Qxg5 14. O-O d6 15.
Bxf4 Qd8 16. exd6 cxd6 17. Qg3 d5 18. Bh6 Qg5 19. Qxg5 Re8 20. Qxg7# 1-0

[Event "AUTO-OPEN-3867"]
[Site "http://www.queenalice.com/game.php?id=1502198"]
[Date "2017.11.5"]
[Round "1"]
[White "Sarratt"]
[Black "Rafale2000"]
[Result "1-0"]
[WhiteElo "2276"]
[BlackElo "1995"]

1. e4 Nf6 2. Nc3 d5 3. e5 d4 4. exf6 dxc3 5. fxg7 cxd2+ 6. Qxd2 Qxd2+ 7. Bxd2
Bxg7 8. O-O-O Bd4 9. Be1 Bg7 10. Ne2 Be6 11. Bc3 Bh6+ 12. Kb1 Rg8 13. Nd4 Bg4
14. f3 Bd7 15. g3 Nc6 16. Bd3 O-O-O 17. Bxh7 Rg5 18. Be4 Rc5 19. Nb3 Be8 20.
Nxc5 Rxd1+ 21. Rxd1 1-0

[Event "AUTO-OPEN-3867"]
[Site "http://www.queenalice.com/game.php?id=1502199"]
[Date "2017.11.5"]
[Round "1"]
[White "Rafale2000"]
[Black "Sarratt"]
[Result "0-1"]
[WhiteElo "2028"]
[BlackElo "2280"]

1. d4 d5 2. Nf3 c6 3. Bf4 Nf6 4. e3 Bg4 5. Be2 Nbd7 6. Ne5 Bxe2 7. Qxe2 e6 8.
O-O Be7 9. c4 c5 10. cxd5 Nxd5 11. Nc4 Nxf4 12. exf4 O-O 13. dxc5 Bxc5 14. Nc3
Nf6 15. Rad1 Qe7 16. Ne4 Nxe4 17. Qxe4 Rac8 18. Rd3 f5 19. Qe5 Bxf2+ 20. Rxf2
Rxc4 21. Re2 Rc1+ 22. Re1 Rxe1+ 23. Qxe1 Rc8 24. Re3 Kf7 25. a3 Qc5 26. Kf1 Qc4+
27. Kf2 Qxf4+ 28. Kg1 Qd4 29. Kf1 Qxb2 30. Rd3 Rc1 31. Rd1 Qb5+ 32. Kg1 Qc5+ 33.
Kf1 Qc4+ 34. Kg1 Qd4+ 35. Rxd4 Rxe1+ 36. Kf2 Ra1 37. Rd7+ Kf6 38. Rd3 Ke7 39. h3
Rc1 40. Rb3 Rc7 41. g3 b6 42. Kf3 e5 43. g4 g6 44. gxf5 gxf5 45. Re3 Ke6 46. Rb3
h5 47. h4 Rc4 48. Kg3 Rg4+ 0-1

[Event "AUTO-OPEN-3867"]
[Site "http://www.queenalice.com/game.php?id=1533347"]
[Date "2018.7.3"]
[Round "2"]
[White "Sarratt"]
[Black "Savage_king"]
[Result "1-0"]
[WhiteElo "2317"]
[BlackElo "1978"]

1. e4 e6 2. d4 d5 3. Nc3 dxe4 4. Nxe4 Bd7 5. Nf3 Bc6 6. Bd3 Nd7 7. Qe2 Bxe4 8.
Bxe4 c6 9. c3 Ngf6 10. Bc2 Bd6 11. O-O O-O 12. Re1 c5 13. Bg5 cxd4 14. Nxd4 Rc8
15. Nxe6 Re8 16. Nxd8 Rxe2 17. Rxe2 Rxd8 18. Rd1 Nc5 19. Bxf6 gxf6 20. Red2 1-0

[Event "AUTO-OPEN-3867"]
[Site "http://www.queenalice.com/game.php?id=1533348"]
[Date "2018.7.3"]
[Round "2"]
[White "Savage_king"]
[Black "Sarratt"]
[Result "0-1"]
[WhiteElo "1976"]
[BlackElo "2319"]

1. e4 e5 2. Nf3 Nc6 3. Bb5 a6 4. Ba4 d6 5. h3 Bd7 6. c3 g6 7. d4 Bg7 8. Be3 Nge7
9. Nbd2 O-O 10. a3 Qe8 11. d5 Nb8 12. Bxd7 Nxd7 13. O-O h6 14. b4 f5 15. exf5
gxf5 16. Nb3 Nb6 17. Bxb6 cxb6 18. Rc1 Qh5 19. c4 Rad8 0-1

[Event "AUTO-OPEN-3867"]
[Site "http://www.queenalice.com/game.php?id=1533349"]
[Date "2018.7.3"]
[Round "2"]
[White "Sarratt"]
[Black "Bruscato"]
[Result "1/2-1/2"]
[WhiteElo "2321"]
[BlackElo "2378"]

1. d4 c5 2. d5 e5 3. e4 d6 4. Bd3 Nf6 5. Nd2 Bd7 6. a4 Be7 7. Nc4 O-O 8. Ne2 Na6
9. c3 Nc7 10. O-O Rb8 11. f4 exf4 12. Nxf4 a6 13. a5 h6 14. Nh5 Nxh5 15. Qxh5
Bb5 16. Rf3 Bxc4 17. Bxc4 Bg5 18. Bxg5 Qxg5 19. Qxg5 hxg5 20. Bd3 Rfe8 21. Raf1
f6 22. Ra1 Re5 23. b4 cxb4 24. cxb4 Nb5 25. Rc1 Nd4 26. Rf2 Rbe8 27. Rb2 g6 28.
Kf2 f5 29. exf5 gxf5 30. Rc7 R8e7 31. Rxe7 Rxe7 32. b5 1/2-1/2

[Event "AUTO-OPEN-3867"]
[Site "http://www.queenalice.com/game.php?id=1533350"]
[Date "2018.7.3"]
[Round "2"]
[White "Bruscato"]
[Black "Sarratt"]
[Result "0-1"]
[WhiteElo "2371"]
[BlackElo "2303"]

1. e4 e5 2. f4 exf4 3. Nf3 g5 4. Bc4 Bg7 5. O-O d6 6. h4 h6 7. c3 Nc6 8. Qb3 Qe7
9. d4 Nf6 10. hxg5 hxg5 11. Nxg5 Nxd4 12. cxd4 Nxe4 13. Rxf4 Bxd4+ 14. Be3 Nc5
15. Bxd4 Nxb3 0-1